Fair use and free inquiry : copyright law and the new media /

Bibliographic Details
Other Authors: Lawrence, John Shelton, Timberg, Bernard
Format: Book
Language:English
Published: Norwood, N.J. : Ablex Pub. Corp., [1980]
Series:Communication and information science series.
Subjects:

MARC

Tag First Indicator Second Indicator Subfields
LEADER 00000cam a2200000 a 4500
001 in00000091334
005 20150923131641.0
008 791031s1980 njua b 00100 engm
010 |a  79024472  
020 |a 0893910287 
035 |a (OCoLC)05725880 
035 |9 AAK6927AM 
040 |a DLC  |c DLC  |d m.c.  |d OCL  |d UtOrBLW 
043 |a n-us--- 
049 |a TXAM  |c [1673489] 
050 0 0 |a KF3030.1.A75  |b F34 
082 0 |a 346/.73/0482 
245 0 0 |a Fair use and free inquiry :  |b copyright law and the new media /  |c John Shelton Lawrence and Bernard Timberg, editors. 
264 1 |a Norwood, N.J. :  |b Ablex Pub. Corp.,  |c [1980] 
264 4 |c ©1980 
300 |a xix, 364 pages :  |b illustrations ;  |c 24 cm. 
336 |a text  |b txt  |2 rdacontent 
337 |a unmediated  |b n  |2 rdamedia 
338 |a volume  |b nc  |2 rdacarrier 
490 1 |a Communication and information science 
504 |a "Bibliography of Fair use literature (selective)": pages 353-355. 
504 |a Includes bibliographical references and index. 
650 0 |a Fair use (Copyright)  |z United States. 
650 0 |a Copyright  |x Broadcasting rights  |z United States. 
650 0 |a Freedom of information  |z United States. 
650 0 |a Fair use (Copyright) 
700 1 |a Lawrence, John Shelton. 
700 1 |a Timberg, Bernard. 
830 0 |a Communication and information science series. 
999 |a MARS 
999 f f |s 038f7eaa-a77c-356a-9bec-1b0d18c7b941  |i 18ed32db-0922-3ff5-811b-1ff2a1b714bb  |t 0 
952 f f |p ric  |a Texas A&M University  |b Rellis Campus  |c Joint Library Facility  |d Remote Storage  |t 0  |e KF3030.1.A75 F34  |h Library of Congress classification  |i unmediated -- volume  |m A14806002104 
998 f f |a KF3030.1.A75 F34  |t 0  |l Remote Storage